000 01265nam a2200253Ia 4500
999 _c54066
_d54066
001 21119
003 GE_BSU
005 20250725163937.0
008 181216s2017||||ge |||||||||||||| ||geo||
020 _a9789941247828
040 _cGE_BSU
041 _ageo
080 _a27-36 თ-54
245 _aႧვენი. [ტ.] 22, 1 აგვისტო - 10 აგვისტო (ახალი სტილით 14 აგვისტო - 23 აგვისტო) /
_cპროექტის ავტორი და რედაქტორი თამარ მამაცაშვილი ; შემდგენელი მანანა ტუაევა ; დიზაინერი რატი თორდია.
264 _aთბილისი :
_bპალიტრა L,
_c2017.
300 _a352 გვ. ;
_c21 სმ.
490 _aჟურნალ ”კარიბჭის” ბიბლიოთეკა
541 _h6 ლ.
653 _aთვენი. 1 აგვისტო -10 აგვისტო
653 _aრელიგია
653 _aმართლმადიდებლური ეკლესია
653 _aწმინდანთა ცხოვრება
942 _cBK
_2udc